[Event "AUTO-ADV-2175"]
[Site "http://www.queenalice.com/game.php?id=943926"]
[Date "2011.5.29"]
[Round "1"]
[White "salso"]
[Black "mufra22"]
[Result "1-0"]
[WhiteElo "1825"]
[BlackElo "1975"]

1. d4 d5 2. c4 c6 3. Bf4 Nd7 4. e3 Ngf6 5. Nc3 Nh5 6. Qxh5 Nf6 7. Qd1 Bf5 8. Qb3
Qd7 9. cxd5 Nxd5 10. Nxd5 Qxd5 11. Qxd5 cxd5 12. Rc1 Rc8 13. Rxc8+ Bxc8 14. Bb5+
Bd7 15. Bxd7+ Kxd7 16. Nf3 f6 17. Kd2 g5 18. Bg3 h5 19. h3 e6 20. Rc1 Bd6 21.
Bxd6 Kxd6 22. h4 g4 23. Ne1 a6 24. g3 b5 25. Nd3 Ra8 26. Nf4 Rh8 27. b4 e5 28.
dxe5+ fxe5 29. Nd3 Rf8 30. Ke2 Rf7 31. Rc6+ Kxc6 32. Nxe5+ Kd6 33. Nxf7+ Ke6 34.
Nd8+ Ke5 35. Kd3 1-0

[Event "AUTO-ADV-2175"]
[Site "http://www.queenalice.com/game.php?id=943927"]
[Date "2011.5.29"]
[Round "1"]
[White "mufra22"]
[Black "dorszu"]
[Result "1-0"]
[WhiteElo "1922"]
[BlackElo "1783"]

1. e4 d6 2. Nf3 Bg4 3. d4 Nc6 4. d5 Ne5 5. Be2 Nxf3+ 6. Bxf3 Bxf3 7. Qxf3 Nf6 8.
c4 g6 9. O-O Bg7 10. Nc3 O-O 11. h4 Qd7 12. Qe2 c6 13. f4 Qg4 14. Qxg4 Nxg4 15.
g3 e5 16. Kg2 Rfe8 17. Kh3 h5 18. f5 gxf5 19. Rxf5 Nf6 20. Bg5 Nh7 21. Be3 a5
22. Raf1 Re7 23. Rxh5 Nf6 24. Rhf5 Rb8 25. Bg5 c5 26. Bxf6 Bxf6 27. Rxf6 Rd7 28.
h5 Kg7 29. g4 Rh8 30. Nb5 Rhd8 31. g5 Rf8 32. Nxd6 a4 33. h6+ Kh7 34. Nxf7 b6
35. g6+ 1-0

[Event "AUTO-ADV-2175"]
[Site "http://www.queenalice.com/game.php?id=943928"]
[Date "2011.5.29"]
[Round "1"]
[White "dorszu"]
[Black "mufra22"]
[Result "1/2-1/2"]
[WhiteElo "1734"]
[BlackElo "1932"]

1. Nf3 d5 2. e3 Nf6 3. c4 c6 4. Nc3 Bg4 5. Be2 Bxf3 6. Bxf3 e5 7. d3 Bb4 8. Bd2
O-O 9. a3 Bxc3 10. Bxc3 Na6 11. O-O e4 12. Be2 Nc5 13. b4 Ne6 14. Qb3 Re8 15.
Qb2 dxc4 16. dxe4 b5 17. Rfd1 Qe7 18. Rd2 c5 19. bxc5 Nxc5 20. Bxf6 Qxf6 21.
Qxf6 gxf6 22. Bf3 Nxe4 23. Bxe4 Rxe4 24. Rb1 a6 25. a4 Rb8 26. axb5 axb5 27. Rd5
b4 28. Kf1 c3 29. Rb3 Rc4 30. Rd1 Kf8 31. Ke2 Ke7 32. Kd3 Rcc8 33. Kc2 Rc7 34.
Rd4 Rcb7 35. f4 f5 36. h3 h5 37. g3 Ke6 38. Rc4 Kd5 39. Kd3 f6 40. Rd4+ Kc5 41.
Rc4+ Kd5 42. Rd4+ Kc5 43. Rc4+ Kd5 1/2-1/2

[Event "AUTO-ADV-2175"]
[Site "http://www.queenalice.com/game.php?id=943929"]
[Date "2011.5.29"]
[Round "1"]
[White "mufra22"]
[Black "Antak"]
[Result "0-1"]
[WhiteElo "1912"]
[BlackElo "1992"]

1. e4 c5 2. f4 e6 3. Nf3 d5 4. exd5 exd5 5. Bb5+ Nc6 6. O-O Nf6 7. d4 cxd4 8.
Nxd4 Bd7 9. Nc3 Be7 10. Be3 O-O 11. h3 a6 12. Be2 Re8 13. Rf3 Rc8 14. Qd2 Bb4
15. Raf1 Ne4 16. Qd3 Nxd4 17. Bxd4 Nxc3 18. bxc3 Bb5 19. Qf5 Bxe2 20. Rg3 Bf8
0-1

[Event "AUTO-ADV-2175"]
[Site "http://www.queenalice.com/game.php?id=943930"]
[Date "2011.5.29"]
[Round "1"]
[White "Antak"]
[Black "mufra22"]
[Result "1-0"]
[WhiteElo "2005"]
[BlackElo "1899"]

1. d4 d5 2. c4 c6 3. Nf3 Bg4 4. Nc3 Bxf3 5. exf3 Nd7 6. cxd5 cxd5 7. Nxd5 Qa5+
8. Nc3 e6 9. Be2 Bb4 10. Bd2 Rc8 11. Qb3 Rc7 12. O-O Ngf6 13. Rfc1 O-O 14. a3
Bxc3 15. Bxc3 Qb6 16. Qxb6 Nxb6 17. Bb4 Rxc1+ 18. Rxc1 Rc8 19. Rxc8+ Nxc8 20.
Bc4 1-0

[Event "AUTO-ADV-2077"]
[Site "http://www.queenalice.com/game.php?id=955312"]
[Date "2011.6.30"]
[Round "2"]
[White "mufra22"]
[Black "technicaldraw"]
[Result "0-1"]
[WhiteElo "1945"]
[BlackElo "2048"]

1. e4 c5 2. Nf3 e6 3. Be2 Nc6 4. O-O Nf6 5. e5 Ng4 6. d4 cxd4 7. Nxd4 Ngxe5 8.
Nb5 a6 9. Nd6+ Bxd6 10. Qxd6 Qe7 11. Qxe7+ Kxe7 12. Nc3 d5 13. Bf4 f6 14. Rad1
g5 15. Bg3 h5 16. h4 g4 17. a3 Bd7 18. Bf4 Ng6 19. Bg3 f5 20. f4 b5 21. b4 Rac8
22. Be1 Kf7 23. g3 Nce7 24. Rd3 Rc7 25. Bf2 Rhc8 26. Bc5 Ng8 27. Re1 Nf6 28. Bf1
Ne4 29. Nxe4 fxe4 30. Rdd1 Kf6 31. Kf2 Kf5 32. Ke3 Rxc5 33. bxc5 Rxc5 34. Ra1
Rxc2 35. Kd4 Ne7 36. Rec1 Nc6+ 0-1

[Event "AUTO-ADV-2077"]
[Site "http://www.queenalice.com/game.php?id=955313"]
[Date "2011.6.30"]
[Round "2"]
[White "technicaldraw"]
[Black "mufra22"]
[Result "1-0"]
[WhiteElo "2047"]
[BlackElo "1957"]

1. e4 c5 2. Nf3 d6 3. d4 cxd4 4. Nxd4 a6 5. Nc3 g6 6. Be3 Bg7 7. Qd2 Bd7 8. Bc4
Nc6 9. f3 Rc8 10. Bb3 Nf6 11. a3 O-O 12. O-O Nxd4 13. Bxd4 b5 14. Nd5 Nxd5 15.
Bxg7 Kxg7 16. Bxd5 Bc6 17. Qc3+ 1-0

[Event "AUTO-ADV-2077"]
[Site "http://www.queenalice.com/game.php?id=955314"]
[Date "2011.6.30"]
[Round "2"]
[White "mufra22"]
[Black "Pinehill"]
[Result "0-1"]
[WhiteElo "1933"]
[BlackElo "2061"]

1. e4 c5 2. Nf3 Nc6 3. Be2 e6 4. O-O d5 5. exd5 exd5 6. d4 Nf6 7. Re1 Be7 8.
dxc5 Bxc5 9. Bb5+ Be6 10. Ng5 Qd6 11. Nxe6 fxe6 12. c4 O-O 13. cxd5 Nxd5 14. Re2
Nd4 15. Re4 Nxb5 16. Be3 Bxe3 17. fxe3 Rac8 18. Nd2 Nf6 19. Rf4 Rfd8 0-1

[Event "AUTO-ADV-2077"]
[Site "http://www.queenalice.com/game.php?id=955315"]
[Date "2011.6.30"]
[Round "2"]
[White "Pinehill"]
[Black "mufra22"]
[Result "1-0"]
[WhiteElo "2030"]
[BlackElo "1924"]

1. e4 c5 2. Nf3 d6 3. d4 cxd4 4. Nxd4 a6 5. Nc3 g6 6. Bc4 Bg7 7. O-O Bd7 8. Qd3
Nc6 9. Nxc6 Bxc6 10. Bd2 Nf6 11. Rad1 O-O 12. Bc1 b5 13. Bd5 Nxd5 14. exd5 Bd7
15. Ne4 Bf5 16. c3 Rc8 17. Qf3 Rc4 18. Rfe1 Qd7 19. h3 Rb8 20. g4 Bxe4 21. Rxe4
Rbc8 22. Rde1 Rxe4 23. Qxe4 Rc7 24. Bg5 f6 25. Bh4 Kf7 26. Bg3 Rc4 27. Qd3 Qc7
28. Re6 Rc5 29. Qe3 Rxd5 30. Kh2 Qb7 31. Qe4 f5 32. gxf5 gxf5 33. Rxe7+ Qxe7 34.
Qxd5+ Qe6 35. Qxd6 Qxd6 36. Bxd6 Ke6 37. Bb4 Kd5 38. Kg3 Ke4 39. b3 Be5+ 40. Kg2
1-0

[Event "Let's Play Chess!"]
[Site "http://www.queenalice.com/game.php?id=1172984"]
[Date "2013.4.18"]
[Round "-"]
[White "Eggchaser"]
[Black "mufra22"]
[Result "1-0"]
[WhiteElo "1797"]
[BlackElo "1807"]

1. Nf3 d5 2. c4 dxc4 3. e3 b5 4. a4 c6 5. axb5 cxb5 6. b3 Bg4 7. Be2 Nf6 8. bxc4
bxc4 9. Bxc4 Nc6 10. Be2 e5 11. Qa4 Bd7 12. Qd1 Bc5 13. O-O O-O 14. Nxe5 Nxe5
15. d4 Bxd4 16. exd4 Ng6 17. Ba3 Re8 18. Bf3 Rb8 19. Bc5 Nh4 20. Nd2 Nxf3+ 21.
Nxf3 Nd5 22. Bxa7 Ra8 23. Bc5 Bc6 24. Ne5 Qc7 25. Nxc6 Qxc6 26. Qd2 Qe6 27. Rad1
Rab8 28. Rfe1 Qd7 29. Rxe8+ Rxe8 30. Re1 Rc8 31. h3 h6 32. Qe2 1-0

[Event "Let's Play Chess!"]
[Site "http://www.queenalice.com/game.php?id=1172985"]
[Date "2013.4.18"]
[Round "-"]
[White "mufra22"]
[Black "Eggchaser"]
[Result "0-1"]
[WhiteElo "1829"]
[BlackElo "1791"]

1. e4 e5 2. Nf3 Nf6 3. Nc3 Nc6 4. d4 exd4 5. Nxd4 Bc5 6. Nxc6 bxc6 7. Bg5 Be7 8.
Bd3 h6 9. Be3 O-O 10. O-O d6 11. Qd2 Ng4 12. f4 Nxe3 13. Qxe3 Re8 14. Rf3 Bb7
15. Rg3 Bf6 16. f5 Kh7 17. Rf1 c5 18. Rg4 Bd4 0-1

[Event "Let's Play Chess!"]
[Site "http://www.queenalice.com/game.php?id=1172988"]
[Date "2013.4.18"]
[Round "-"]
[White "Eggchaser"]
[Black "mufra22"]
[Result "1-0"]
[WhiteElo "1798"]
[BlackElo "1773"]

1. Nf3 d5 2. c4 Nf6 3. cxd5 Nxd5 4. e4 Nb6 5. Be2 Nc6 6. d4 e6 7. a3 Be7 8. O-O
O-O 9. Bf4 Nd7 10. Nc3 a6 11. Rc1 b5 12. Nxb5 axb5 13. Rxc6 Ra7 14. Qc2 Bb7 15.
Rxc7 Bxe4 16. Qxe4 Rxc7 17. Bxc7 Qxc7 18. Bxb5 Nf6 19. Qc6 Qxc6 20. Bxc6 Rb8 21.
b4 Nd5 22. Bxd5 exd5 23. Rc1 Kf8 24. Ne5 Ke8 25. Kf1 f6 26. Nd3 Kd7 27. Nc5+
Bxc5 28. dxc5 Kc6 29. Rc3 Re8 30. Re3 Rxe3 31. fxe3 Kb5 32. Ke2 f5 33. h4 g6 34.
Kf3 Kc4 35. c6 1-0

[Event "Let's Play Chess!"]
[Site "http://www.queenalice.com/game.php?id=1172989"]
[Date "2013.4.18"]
[Round "-"]
[White "mufra22"]
[Black "Eggchaser"]
[Result "0-1"]
[WhiteElo "1811"]
[BlackElo "1766"]

1. e4 d6 2. d4 Nf6 3. Nc3 g6 4. Nf3 Bg7 5. Be2 O-O 6. O-O c6 7. Be3 Bg4 8. Qd2
Nbd7 9. h3 Bxf3 10. gxf3 Re8 11. Kh2 Qc7 12. Rg1 e5 13. d5 cxd5 14. Nxd5 Nxd5
15. exd5 Nf6 16. c4 Nh5 17. Rg4 f5 18. Rg2 f4 19. Rag1 fxe3 20. fxe3 Rac8 21. b3
Nf6 22. Kg3 Nh5+ 23. Kf2 e4 24. f4 Nxf4 25. Rg4 Nxh3+ 26. Ke1 Nxg1 0-1

[Event "AUTO-ADV-2824"]
[Site "http://www.queenalice.com/game.php?id=1173186"]
[Date "2013.4.19"]
[Round "1"]
[White "slashberg"]
[Black "mufra22"]
[Result "0-1"]
[WhiteElo "1737"]
[BlackElo "1793"]

1. g3 d5 2. Bg2 e5 3. Nf3 Nc6 4. d4 Nf6 5. dxe5 Ng4 6. Nc3 Bb4 7. Bd2 Ngxe5 8.
Bg5 Nxf3+ 9. Bxf3 Bxc3+ 10. bxc3 Qxg5 11. Bxd5 O-O 12. Qd3 Bh3 13. Rd1 Rad8 14.
c4 Nb4 15. Qf3 Nxc2# 0-1

[Event "AUTO-ADV-2824"]
[Site "http://www.queenalice.com/game.php?id=1173187"]
[Date "2013.4.19"]
[Round "1"]
[White "mufra22"]
[Black "slashberg"]
[Result "0-1"]
[WhiteElo "1791"]
[BlackElo "1739"]

1. e4 Nf6 2. e5 Nd5 3. c4 Nb6 4. d4 d6 5. Nf3 Be6 6. Qc2 Na6 7. a3 Bg4 8. Be2
dxe5 9. dxe5 Bxf3 10. Bxf3 e6 11. O-O Nc5 12. Rd1 Ncd7 13. Bf4 Be7 14. Bxb7 Rb8
15. Bc6 O-O 0-1